<?xml version="1.0" encoding="UTF-8"?>
<record
    xmlns:xsi="http://www.w3.org/2001/XMLSchema-instance"
    xsi:schemaLocation="http://www.loc.gov/MARC21/slim http://www.loc.gov/standards/marcxml/schema/MARC21slim.xsd"
    xmlns="http://www.loc.gov/MARC21/slim">

  <leader>01997njm a2200373Ia 4500</leader>
  <controlfield tag="001">25670</controlfield>
  <controlfield tag="003">IT-RoPAU</controlfield>
  <controlfield tag="005">20220918181123.0</controlfield>
  <controlfield tag="008">131025s9999    xx            000 0 und d</controlfield>
  <datafield tag="040" ind1=" " ind2=" ">
    <subfield code="a">IT-RoPAU</subfield>
  </datafield>
  <datafield tag="040" ind1=" " ind2=" ">
    <subfield code="c">IT-RoPAU</subfield>
  </datafield>
  <datafield tag="041" ind1=" " ind2=" ">
    <subfield code="a">ITALIANO</subfield>
  </datafield>
  <datafield tag="999" ind1=" " ind2=" ">
    <subfield code="c">99971</subfield>
    <subfield code="d">99971</subfield>
  </datafield>
  <datafield tag="999" ind1=" " ind2=" ">
    <subfield code="b">n.d.</subfield>
  </datafield>
  <datafield tag="100" ind1=" " ind2=" ">
    <subfield code="a">AA.VV.</subfield>
    <subfield code="9">794</subfield>
  </datafield>
  <datafield tag="100" ind1=" " ind2=" ">
    <subfield code="e">Autore musica</subfield>
    <subfield code="9">13381</subfield>
  </datafield>
  <datafield tag="100" ind1=" " ind2=" ">
    <subfield code="g">Codice autore musica SPICS: 12000</subfield>
    <subfield code="9">796</subfield>
  </datafield>
  <datafield tag="245" ind1=" " ind2=" ">
    <subfield code="a">Fred Buscaglione e i suoi Asternovas</subfield>
  </datafield>
  <datafield tag="250" ind1=" " ind2=" ">
    <subfield code="a">1a ed.</subfield>
  </datafield>
  <datafield tag="260" ind1=" " ind2=" ">
    <subfield code="a">TORINO</subfield>
  </datafield>
  <datafield tag="260" ind1=" " ind2=" ">
    <subfield code="b">FONIT CETRA</subfield>
    <subfield code="c">1976 [1a Ed.:1976 - Ed. Lingua Orig.: 1976]</subfield>
  </datafield>
  <datafield tag="300" ind1=" " ind2=" ">
    <subfield code="a">DISCO</subfield>
  </datafield>
  <datafield tag="500" ind1=" " ind2=" ">
    <subfield code="a">Canzone italiana- Musica leggera. Stomper, beguine, swing, rock shuffle, blues, slow rock.</subfield>
  </datafield>
  <datafield tag="505" ind1=" " ind2=" ">
    <subfield code="a">Whisky facile - Che notte - Porfirio Villarosa - Criminalmente bella - Teresa non sparare - Eri piccola cos&#xEC; - Che bambola - Il dritto di Chicago - Love in Portofino - Ciao Joe - Sofisticata - Si son rotti i Plater's - Le rififi - Guarda che luna - Al chiar di luna porto fortuna</subfield>
  </datafield>
  <datafield tag="650" ind1=" " ind2=" ">
    <subfield code="a">CANZONE ITALIAN [DISCHI]</subfield>
    <subfield code="e">Codice MATERIA SPICS: 9950</subfield>
    <subfield code="9">13382</subfield>
  </datafield>
  <datafield tag="700" ind1=" " ind2=" ">
    <subfield code="a">Buscaglione Fred</subfield>
    <subfield code="g">Codice interprete SPICS: 1133</subfield>
    <subfield code="e">Interprete</subfield>
    <subfield code="9">13383</subfield>
  </datafield>
  <datafield tag="700" ind1=" " ind2=" ">
    <subfield code="a">Chiosso Leo</subfield>
    <subfield code="g">Codice autore musica SPICS: 13606</subfield>
    <subfield code="e">Autore musica</subfield>
    <subfield code="9">13384</subfield>
  </datafield>
  <datafield tag="700" ind1=" " ind2=" ">
    <subfield code="a">Buscaglione Fred</subfield>
    <subfield code="g">Codice autore testo/musica SPICS: 1133</subfield>
    <subfield code="e">Autore testo/musica</subfield>
    <subfield code="9">13385</subfield>
  </datafield>
  <datafield tag="700" ind1=" " ind2=" ">
    <subfield code="a">Malgoni M.</subfield>
    <subfield code="g">Codice autore testo/musica SPICS: 14072</subfield>
    <subfield code="e">Autore testo/musica</subfield>
    <subfield code="p">Si son rotti i Plater's - Guarda che luna</subfield>
    <subfield code="9">13386</subfield>
  </datafield>
  <datafield tag="700" ind1=" " ind2=" ">
    <subfield code="a">Gerard Danyel</subfield>
    <subfield code="g">Codice autore testo/musica SPICS: 15578</subfield>
    <subfield code="e">Autore testo/musica</subfield>
    <subfield code="p">Le rififi</subfield>
    <subfield code="9">13387</subfield>
  </datafield>
  <datafield tag="700" ind1=" " ind2=" ">
    <subfield code="a">Elgos</subfield>
    <subfield code="g">Codice autore testo/musica SPICS: 13132</subfield>
    <subfield code="e">Autore testo/musica</subfield>
    <subfield code="p">Guarda che luna</subfield>
    <subfield code="9">13388</subfield>
  </datafield>
  <datafield tag="700" ind1=" " ind2=" ">
    <subfield code="a">Rossi Carlo Alberto (Cicero)</subfield>
    <subfield code="g">Codice autore musica SPICS: 13130</subfield>
    <subfield code="e">Autore musica</subfield>
    <subfield code="p">Al chiar di luna porto fortuna</subfield>
    <subfield code="9">13389</subfield>
  </datafield>
  <datafield tag="700" ind1=" " ind2=" ">
    <subfield code="a">Testa Michele (=Gill Armando)</subfield>
    <subfield code="g">Codice autore testo/musica SPICS: 13131</subfield>
    <subfield code="e">Autore testo/musica</subfield>
    <subfield code="p">Al chiar di luna porto fortuna</subfield>
    <subfield code="9">13390</subfield>
  </datafield>
  <datafield tag="942" ind1=" " ind2=" ">
    <subfield code="c">MD</subfield>
    <subfield code="2">ddc</subfield>
  </datafield>
  <datafield tag="952" ind1=" " ind2=" ">
    <subfield code="0">0</subfield>
    <subfield code="1">0</subfield>
    <subfield code="4">0</subfield>
    <subfield code="6">25670_000000000000000</subfield>
    <subfield code="7">1</subfield>
    <subfield code="a">SPICS</subfield>
    <subfield code="b">SPICS</subfield>
    <subfield code="d">2013-10-25</subfield>
    <subfield code="l">0</subfield>
    <subfield code="o">25670</subfield>
    <subfield code="r">2013-10-25 00:00:00</subfield>
    <subfield code="w">2013-10-25</subfield>
    <subfield code="y">MD</subfield>
    <subfield code="z">Progr. Ins.: 5544 / N.Vol.: 1 / Copie: 1 - Copia rara: n.d. / date import: 01.01.2014 - By Epidotti, Trombetti, Vaglietti</subfield>
  </datafield>
</record>
